| 000 | 01093nam0a22003011 4500 | ||
|---|---|---|---|
| 001 | RU\INFOCOMM_322\NLR\5000243385 | ||
| 005 | 20250613112630.0 | ||
| 035 | _a(NLR Aleph) 009615061 | ||
| 090 |
_a9396575 _c9396575 |
||
| 100 | _a20130318d1977 |||y0rusy50 ca | ||
| 101 | 1 | _ager | |
| 102 | _aRU | ||
| 105 | _ay z ||||| | ||
| 200 | 1 |
_aUnterhaltsame Aufgaben und Versuche _fJ. I. Perelman _g[Zusgest. von I. I. Prussakow _gIn die deutsche Sprache übers. von Peter Graba] |
|
| 210 |
_aM. _c"Mir" _dCop.1977 |
||
| 215 |
_a444 с. _cил. _d22 см |
||
| 300 | _aНа обороте тит. л.: Я. И. Перельман. Занимательные задачи и опыты | ||
| 620 | _aМосква | ||
| 686 |
_aДл450-4000 _2rubbk |
||
| 700 | 1 |
_9z01790 _aPerel'man _bJ. I. _f1882-1942 _gJakov Isidorovič |
|
| 702 | 1 |
_9z01790 _aPrusakov _bI. I. _gIosif Ionovič _4220 |
|
| 790 | 1 |
_9z01700 _aPerelman _bJ. I. _4070 |
|
| 790 | 1 |
_9z01702 _aPrussakow _bI. I. _4220 |
|
| 801 | 1 |
_aRU _bInfocomm _c20130318 |
|
| 801 | 0 |
_aRU _bINFOCOMM _gPSBO |
|
| 852 |
_aNLR _jДл01 Д-5/126 |
||
| 942 | _cBOOK | ||
| 980 | _aNB | ||